Κατάλογος Βιβλιοθηκών Mediterranean College

Making Sense of Modula-2 (Record no. 3541)

MARC details
000 -LEADER
fixed length control field 01123cam a22002054a 4500
005 - ΗΜΕΡΟΜΗΝΙΑ ΚΑΙ ΩΡΑ ΤΕΛΕΥΤΑΙΑΣ ΕΝΗΜΕΡΩΣΗΣ
Πεδίο ελέγχου 20250605164118.0
008 - FIXED-LENGTH DATA ELEMENTS--GENERAL INFORMATION
Πεδίο ελέγχου σταθερού μήκους 250528s ||||||||||||||||||||||||d
035 ## - SYSTEM CONTROL NUMBER
System control number 18161
020 ## - ISBN
ISBN 1850322783
040 ## - ΠΗΓΗ ΚΑΤΑΛΟΓΟΓΡΑΦΗΣΗΣ
Φορέας πρωτότυπης καταλογογράφησης MC Athens Campus Library
Γλώσσα καταλογογράφησης Ελληνικά, Μοντέρνα (1453-)
Modifying agency MC Athens Campus Library
Κανόνες περιγραφικής καταλογογράφησης AACR2
245 1# - ΤΙΤΛΟΣ ΚΑΙ ΔΗΛΩΣΗ ΥΠΕΥΘΥΝΟΤΗΤΑΣ
Τίτλος Making Sense of Modula-2
260 ## - PUBLICATION, DISTRIBUTION, ETC.
Name of publisher, distributor, etc. International Thomson Business Press,
Date of publication, distribution, etc. 1994
300 ## - PHYSICAL DESCRIPTION
Extent 402
520 ## - SUMMARY, ETC.
Summary, etc. This book combines a course in the use of this popular language with an easy-to-follow course on program design based upon current methods. Acknowledgements, Getting Started, Dealing with Data, Structuring Programs, Block Structure and Scope, IF Statement and BOOLEAN Types, FOR Statement and ARRAY Types, WHILE and REPEAT and LOOP Statements, Handling Text Files, CASE Statement and Enumerated Types, RECORD and SET Types, Using Modules, Sorting and Searching Algorithms, A Study in Design, POINTER Types, Binary Trees, Simulation Using a Priority Queue, Low Level Facilities, The Epilogue, Appendices, Index.
700 1# - ΠΡΟΣΘΕΤΗ ΑΝΑΓΡΑΦΗ--ΦΥΣΙΚΟ ΠΡΟΣΩΠΟ
Personal name Glendinning Irene
9 (RLIN) 4451
700 1# - ΠΡΟΣΘΕΤΗ ΑΝΑΓΡΑΦΗ--ΦΥΣΙΚΟ ΠΡΟΣΩΠΟ
Personal name Tatham Eric W
9 (RLIN) 4452
942 ## - ADDED ENTRY ELEMENTS (KOHA)
Koha item type Books
Holdings
Τύπος τεκμηρίου Βιβλιοθήκη Τρέχουσα τοποθεσία Barcode Αριθμός εισαγωγής Ημερομηνία απόκτησης Ταξιθετικό σύμβολο Αριθμός αντιτύπου Κατάσταση απόσυρσης Κατάσταση χαμένου Κατάσταση κατεστραμμένου Μη δανεισμός Σύνολο δανεισμών Ημερομηνία τελευταίας εμφάνισης Η τιμή ισχύει από
Books MC Athens Campus Library MC Athens Campus Library 9780000035400 2355 05/06/2025 005.133 TAT 1           05/06/2025 05/06/2025

MC Athens Campus Library
Πατησίων 94 & Κοδριγκτώνος 13, 104 34
Πελλήνης 8 & Πατησίων 107, 112 51
Τ: +30 210 8899600

MC Thessaloniki Campus Library
Ίωνος Δραγούμη 21, 54625 | Ίωνος Δραγούμη 15, 54625
Τ: +30 2310 287779 – Τ: +30 2314 440300